| 000 | 00447nam a2200157Ia 4500 | ||
|---|---|---|---|
| 008 | 151021s9999 xx 000 0 und d | ||
| 020 | _a9.7049538396e+011 | ||
| 050 | _aHA29.G726 2008 | ||
| 245 | _a_essentials of statistics for the behavioral sciences | ||
| 260 | _aUSA Wadsworth 2008 | ||
| 300 | _axv,575p;ill. | ||
| 500 | _aIncludes index | ||
| 650 | _a_Statistics | ||
| 700 | _a_Larry b.Wallnau | ||
| 980 | _a^d20110217 09:15:16^okorir | ||
| 999 |
_c6669 _d6669 |
||